书目信息 |
| 题名: |
化工设计
|
|
| 作者: | 陈砺 , 王红林 , 严宗诚 编著 | |
| 分册: | ||
| 出版信息: | 北京 化学工业出版社 2017.5 |
|
| 页数: | 279页 | |
| 开本: | 26cm | |
| 丛书名: | ||
| 单 册: | ||
| 中图分类: | TQ08 | |
| 科图分类: | ||
| 主题词: | 化工设计--高等学校--教材 | |
| 电子资源: | ||
| ISBN: | 978-7-122-28944-5 | |
| 000 | 01032nam0 2200265 450 | |
| 001 | 0400004657 | |
| 005 | 20171024145030.0 | |
| 010 | @a978-7-122-28944-5@dCNY42.00 | |
| 100 | @a20170524d2017 em y0chiy50 ea | |
| 101 | 0 | @achi |
| 102 | @aCN@b110000 | |
| 105 | @ay z 000yy | |
| 106 | @ar | |
| 200 | 1 | @a化工设计@9hua gong she ji@f陈砺,王红林,严宗诚编著 |
| 210 | @a北京@c化学工业出版社@d2017.5 | |
| 215 | @a279页@d26cm | |
| 300 | @a教育部高等学校化工类专业教学指导委员会推荐教材 | |
| 330 | @a本书全面介绍了化工设计的原理、手段和方法,包括化工设计概述、化工项目建设的基本程序、主要设计任务、化工过程设计、计算机辅助设计、物料衡算与能量衡算、工艺流程设计、设备的选型与设计、工厂与车间布置设计、管道布置设计、工艺专业与非工艺专业的数据交换、安全与环保和项目概算等内容。 | |
| 606 | 0 | @a化工设计@x高等学校@j教材 |
| 690 | @aTQ08@v5 | |
| 701 | 0 | @a陈砺@9chen li@4编著 |
| 701 | 0 | @a王红林@9wang hong lin@4编著 |
| 701 | 0 | @a严宗诚@9yan zong cheng@4编著 |
| 801 | 0 | @aCN@b91MARC@c20171024 |
| 905 | @b1038690-4@dTQ08@f5@e454 | |
| 化工设计/陈砺,王红林,严宗诚编著.-北京:化学工业出版社,2017.5 |
| 279页;26cm |
| 教育部高等学校化工类专业教学指导委员会推荐教材 |
| ISBN 978-7-122-28944-5:CNY42.00 |
| 本书全面介绍了化工设计的原理、手段和方法,包括化工设计概述、化工项目建设的基本程序、主要设计任务、化工过程设计、计算机辅助设计、物料衡算与能量衡算、工艺流程设计、设备的选型与设计、工厂与车间布置设计、管道布置设计、工艺专业与非工艺专业的数据交换、安全与环保和项目概算等内容。 |
| ● |
| 相关链接 |
|
|
|
|
正题名:化工设计
索取号:TQ08/454
 
预约/预借
| 序号 | 登录号 | 条形码 | 馆藏地/架位号 | 状态 | 备注 |
| 1 | 1038690 | 210386900 | 第二样本阅览室/ [索取号:TQ08/454] | 在馆 | |
| 2 | 1038691 | 210386919 | 化学系资料室/ [索取号:TQ08/454] | 在馆 | |
| 3 | 1038692 | 210386928 | 第三借阅区/ [索取号:TQ08/454] | 在馆 | |
| 4 | 1038693 | 210386937 | 第三借阅区/ [索取号:TQ08/454] | 在馆 | |
| 5 | 1038694 | 210386946 | 第三借阅区/ [索取号:TQ08/454] | 在馆 |